| 000 | 00401cam a2200145 4500 | ||
|---|---|---|---|
| 005 | 20250901165807.0 | ||
| 008 | 700512s1969 nyu 000 1 eng | ||
| 010 | _a 70081547 | ||
| 050 | 0 | 0 | _aPR 9381.9 .N45 1987 |
| 100 | 0 |
_aNgũgĩ wa Thiongʾo, _d1938- |
|
| 245 | 1 | 0 |
_aWeep not, child _c[by] Ngugi Wa Thiong'o |
| 260 |
_aNairobi: _bAfrican Writers, _c1987 |
||
| 300 |
_a136 p. _c20 cm. |
||
| 942 | _2lcc | ||
| 999 |
_c9315 _d9315 |
||